000 00760nam a22002297a 4500
005 20251108172103.0
008 250721s2001 xx 000 0 ara d
082 1 4 _a628.16/سيم
100 1 _aسيمون، بول
_eمؤلف
245 1 0 _aأزمة المياه :
_bأزمة المياه القادمة في العالم وما يمكن أن نغفله بشأنها /
264 1 _aعمان :
_bالأهلية للنشر،
_c2001.
300 _a215ص.
650 1 7 _aالهندسة الصحية
650 1 7 _aالتلوث
650 1 7 _aالبيئة
650 1 7 _aالمياه
650 1 7 _aالسياسة
700 1 _aعبد الرازق، امجد
_eمترجم
700 1 _aخوري، طارق
_eمترجم
942 _2ddc
_cBK
999 _c70143
_d70143